000 00329nam a2200121Ia 4500
008 160609s9999 xx 000 0 und d
100 _aChance, Paul.
245 _aLearning And Behavior, 7th Edition
245 _cBy:Paul Chance
260 _c2013
650 _xLEARNING
856 _uhttp://file.ebook777.com/LeaAndBeh7thEdi.pdf
999 _c295892
_d295892